Drink till you drop? (Record no. 73470)
[ view plain ]
| 000 -LEADER | |
|---|---|
| fixed length control field | 01481cam a2200277 4500 |
| 001 - CONTROL NUMBER | |
| control field | ABS67091 |
| 008 - FIXED-LENGTH DATA ELEMENTS--GENERAL INFORMATION | |
| fixed length control field | 030926n 000 0 eng u |
| 035 ## - SYSTEM CONTROL NUMBER | |
| System control number | (Sirsi) u123734 |
| 100 ## - MAIN ENTRY--PERSONAL NAME | |
| Personal name | Jones, P. |
| 245 ## - TITLE STATEMENT | |
| Title | Drink till you drop? |
| 490 ## - SERIES STATEMENT | |
| Series statement | Town & Country Planning |
| Volume/sequential designation | 72(7) August 2003, 221-223(3) |
| 520 ## - SUMMARY, ETC. | |
| Summary, etc. | Discusses the background to and the recommendations of the ODPM Select Committee report "The evening economy and the urban renaissance". The report looks at the role of the evening and late night economy which is seen as the key to urban renaissance in towns and city centres. Raises a number of issues including the impact of relaxation in licensing laws and its effect on anti-social behaviour due to alcohol abuse, the proposed transfer of licensing controls from the courts to local authorities, the economic and physical strain on police resources and the need for adequate late evening public transport. View the report at www.parliament.the-stationery-office.co.uk. |
| 590 ## - LOCAL NOTE (RLIN) | |
| Local note | ABS |
| 650 ## - SUBJECT ADDED ENTRY--TOPICAL TERM | |
| Topical term or geographic name entry element | URBAN RENAISSANCE |
| 650 ## - SUBJECT ADDED ENTRY--TOPICAL TERM | |
| Topical term or geographic name entry element | LATE OPENING |
| 650 ## - SUBJECT ADDED ENTRY--TOPICAL TERM | |
| Topical term or geographic name entry element | PUBLIC TRANSPORT |
| 650 ## - SUBJECT ADDED ENTRY--TOPICAL TERM | |
| Topical term or geographic name entry element | PLANNING |
| 650 ## - SUBJECT ADDED ENTRY--TOPICAL TERM | |
| Topical term or geographic name entry element | LICENSING LAW |
| 650 ## - SUBJECT ADDED ENTRY--TOPICAL TERM | |
| Topical term or geographic name entry element | TOWN CENTRES |
| 650 ## - SUBJECT ADDED ENTRY--TOPICAL TERM | |
| Topical term or geographic name entry element | CITY CENTRES |
| 690 ## - LOCAL SUBJECT ADDED ENTRY--TOPICAL TERM (OCLC, RLIN) | |
| Topical term or geographic name as entry element | LEISURE AND RECREATION |
| 700 ## - ADDED ENTRY--PERSONAL NAME | |
| Personal name | Hillier, D. |
| 700 ## - ADDED ENTRY--PERSONAL NAME | |
| Personal name | Comfort, D. |
| 856 ## - ELECTRONIC LOCATION AND ACCESS | |
| Uniform Resource Identifier | <a href="https://www.parliament.the-stationery-office.co.uk/pa/cm200203/cmselect/cmodpm/396/39602.htm">https://www.parliament.the-stationery-office.co.uk/pa/cm200203/cmselect/cmodpm/396/39602.htm</a> |
| Public note | View publication on the UK Parliament website... |
| 942 ## - ADDED ENTRY ELEMENTS (KOHA) | |
| Suppress in OPAC | 0 |
| Withdrawn status | Lost status | Source of classification or shelving scheme | Damaged status | Not for loan | Home library | Current library | Shelving location | Date acquired | Total Checkouts | Full call number | Barcode | Date last seen | Copy number | Price effective from | Koha item type |
|---|---|---|---|---|---|---|---|---|---|---|---|---|---|---|---|
| Dewey Decimal Classification | London | London | Journal article | 26/09/2003 | ABS67091 | 123734-1001 | 06/08/2019 | 1 | 06/08/2019 | Journal article |